000 00245nam a22001097a 4500
082 _a668.4 ADA'P
100 _aADAMS, JOHN V
_978331
245 _aPLASTIC ARTS CRAFTS
260 _aNEWYORK
_bD. VAN NOSTRAND
_c1948
300 _a147P
942 _cBK
999 _c583472
_d583472